| 000 | 00922nas a2200301 4500 | ||
|---|---|---|---|
| 001 | BR0905630 | ||
| 003 | BR-BrBNA | ||
| 005 | 20231205113722.0 | ||
| 007 | ta | ||
| 008 | 230509b bl.|||p| |||| 00| 00por d | ||
| 040 |
_aBR-BrBNA _bpor _cBiblioteca Nacional de Agricultura |
||
| 041 | _a(Pt) | ||
| 072 | _aL01; L02 | ||
| 100 | 1 | _aGomes, G.A. | |
| 100 | 1 | _aAraújo, L.F. | |
| 100 | 1 | _aPrezzi, J.A. | |
| 100 | 1 | _aSavietto, D. | |
| 100 | 1 | _aSimioni Júnior, J.R. | |
| 100 | 1 | _aValério, J. | |
| 245 | 1 | _aTempo de fornecimento da dieta pré-inicial para frangos de corte com diferentes pesos ao alojamento | |
| 650 | _aNUTRIÇÃO ANIMAL | ||
| 650 | _aFRANGO DE CORTE | ||
| 650 | _aPERFORMANCE | ||
| 650 | _aCARCAÇA | ||
| 773 | 0 |
_tRevista Brasileira de Zootecnia (Brazil) _xISSN 1516-3598 _g(Oct 2008), v. 37(10) p. 1802-1807 _wBR0905630 |
|
| 909 |
_a202311 _bLúcia _c55 _dLúcia Elande |
||
| 942 |
_2AGRIS _n0 _cANA |
||
| 999 |
_c205223 _d205223 |
||